| 000 | 01276nam a2200301 a 4500 | ||
|---|---|---|---|
| 001 | 000042330 | ||
| 005 | 20201002040101.0 | ||
| 008 | 131125s2013 dr ad 000 0 spa d | ||
| 020 | _a9789945885699 | ||
| 040 |
_aDO-SdBNP _bspa _cBNPHU |
||
| 082 |
_a368.7071 _bO96e |
||
| 100 | 1 |
_aOviedo, Rosa Divina _969385 |
|
| 245 | 1 | 3 |
_aLos exploradores : _buna experiencia en gestión del riesgo / _cRosa Divina Oviedo, Maritza Cabrera. |
| 260 |
_aSanto Domingo : _bMinisterio de Educación, _c2013. |
||
| 300 |
_a[42] p. : _bil., gráfcs. ; _c28 cm. |
||
| 490 | 1 | _aManuales Educativos | |
| 490 | 1 |
_aManual Metodológico para trabajar la Gestión del Riesgo en el aula. 1er. Ciclo de educación básica _v3 |
|
| 504 | _aBibliografía: p. 28 | ||
| 590 | _aInventariado, 2018/LP | ||
| 650 | 4 |
_aPrevención de desastres naturales _xEnseñanza _969386 |
|
| 650 | 4 |
_aEscuelas _xAdministración de riesgos _xEnseñanza _969387 |
|
| 650 | 4 |
_aEducación en seguridad _969388 |
|
| 650 | 4 |
_aPrevención de accidentes escolares _969389 |
|
| 700 | 1 |
_aCabrera, Maritza _969394 |
|
| 830 | 0 |
_aManuales Educativos _969392 |
|
| 830 | 0 |
_aManual Metodológico para trabajar la Gestión del Riesgo en el aula. 1er. Ciclo de educación básica ; _n3 _969395 |
|
| 910 | _aValidado. Control de calidad EMS | ||
| 999 |
_c41819 _d41819 |
||